Biblioteca

Escucha Mi Historia (Registro nro. 49058)

Detalles MARC
000 -LÍDER
Campo fijo de descripción fija 003340000a22001570004500
020 ## - NÚMERO INTERNACIONAL NORMALIZADO PARA LIBROS
Número Internacional Normalizado del libro 958-30-2273-X
082 04 - NÚMERO DE CLASIFICACIÓN DECIMAL DEWEY
Número de clasificación B P1918e
001 - NÚMERO DE CONTROL
Campo de control 1905
110 1# - ASIENTO PRINCIPAL--NOMBRE CORPORATIVO
Nombre corporativo o de jurisdicción como elemento de entrada panamericana
245 10 - TÍTULO
Título del Material Escucha Mi Historia
260 ## - PUBLICACIÓN, DISTRIBUCIÓN, ETC. (PIE DE IMPRENTA)
Lugar de publicación, distribución, etc. China
300 ## - DESCRIPCIÓN FÍSICA
Extensión 8 Pag
500 ## - NOTA GENERAL
Nota General Libro en tela para bebes
505 00 - NOTA DE CONTENIDO
Nota de contenido con formato preestablecido Historia de animales
942 ## - TIPO DE MATERIAL (KOHA)
Tipo de Item KOHA Z- Libro General BINCO
Existencias
Estado de Material Estado de Perdido Estado de Dañado No para Préstamo Tomo Biblioteca de Origen Biblioteca Permanente Fecha de Adquisición Total de Préstamos Total de Renovaciones Signatura Topográfica Código de Barras Última vez visto Última vez Préstado Ejemplar/Existencia Fecha de Remplazo Tipo de Material Nota Pública
      No para préstamo   Biblioteca Infantil Comunitaria BINCO Biblioteca Infantil Comunitaria BINCO 07/05/2009 2 1 B P1918e B32498 25/06/2019 07/06/2019 1 26/01/2016 Z- Libro General BINCO Libro usado para promoción de lectura

Biblioteca FUSBC | Teléfono: (57+4) 349 88 10 Ext. 141| WhatsApp (+57) 3005338115 
E-mail: biblioteca@unisbc.edu.co | Calle 76 87-14 Robledo Palenque, Medellín, Colombia

Con tecnología Koha